|
|
|
|
| LEADER |
02250nam a22004335i 4500 |
| 001 |
978-0-387-09595-0 |
| 003 |
DE-He213 |
| 005 |
20150519175836.0 |
| 007 |
cr nn 008mamaa |
| 008 |
100301s2008 xxu| s |||| 0|eng d |
| 020 |
|
|
|a 9780387095950
|9 978-0-387-09595-0
|
| 024 |
7 |
|
|a 10.1007/978-0-387-09595-0
|2 doi
|
| 040 |
|
|
|d GrThAP
|
| 050 |
|
4 |
|a R-RZ
|
| 072 |
|
7 |
|a MBGR
|2 bicssc
|
| 072 |
|
7 |
|a MED000000
|2 bisacsh
|
| 082 |
0 |
4 |
|a 610
|2 23
|
| 245 |
1 |
4 |
|a The Coronin Family of Proteins
|h [electronic resource] :
|b Subcellular Biochemistry /
|c edited by Christoph S. Clemen, Ludwig Eichinger, Vasily Rybakin.
|
| 264 |
|
1 |
|a New York, NY :
|b Springer New York,
|c 2008.
|
| 300 |
|
|
|b online resource.
|
| 336 |
|
|
|a text
|b txt
|2 rdacontent
|
| 337 |
|
|
|a computer
|b c
|2 rdamedia
|
| 338 |
|
|
|a online resource
|b cr
|2 rdacarrier
|
| 347 |
|
|
|a text file
|b PDF
|2 rda
|
| 490 |
1 |
|
|a Subcellular Biochemistry,
|x 0306-0225 ;
|v 48
|
| 505 |
0 |
|
|a The Coronin Family of Proteins -- The Coronin Family of Proteins -- The WD- and Kelch-Repeat Superfamilies -- Phylogenetic, Structural and Functional Relationships between WD- and Kelch-Repeat Proteins -- Diversity of WD-Repeat proteins -- History, Phylogeny and Structure -- A Brief History of the Coronin Family -- Molecular Phylogeny and Evolution of the Coronin Gene Family -- Coronin Structure and Implications -- Common and Diverse Functions -- Coronin: The Double-Edged Sword of Actin Dynamics -- Invertebrate Coronins -- Evolutionary and Functional Diversity of Coronin Proteins -- Role of Mammalian Coronin 7 in the Biosynthetic Pathway -- Clinical Relevance -- Coronin 1 in Innate Immunity -- The Role of Mammalian Coronins in Development and Disease.
|
| 650 |
|
0 |
|a Medicine.
|
| 650 |
1 |
4 |
|a Biomedicine.
|
| 650 |
2 |
4 |
|a Biomedicine general.
|
| 700 |
1 |
|
|a Clemen, Christoph S.
|e editor.
|
| 700 |
1 |
|
|a Eichinger, Ludwig.
|e editor.
|
| 700 |
1 |
|
|a Rybakin, Vasily.
|e editor.
|
| 710 |
2 |
|
|a SpringerLink (Online service)
|
| 773 |
0 |
|
|t Springer eBooks
|
| 776 |
0 |
8 |
|i Printed edition:
|z 9780387095943
|
| 830 |
|
0 |
|a Subcellular Biochemistry,
|x 0306-0225 ;
|v 48
|
| 856 |
4 |
0 |
|u http://dx.doi.org/10.1007/978-0-387-09595-0
|z Full Text via HEAL-Link
|
| 912 |
|
|
|a ZDB-2-SBL
|
| 950 |
|
|
|a Biomedical and Life Sciences (Springer-11642)
|